MARC details
| 000 -CABECERA |
| campo de control de longitud fija |
03429nam a2200337 a 4500 |
| 001 - NÚMERO DE CONTROL |
| campo de control |
000015118 |
| 003 - IDENTIFICADOR DEL NÚMERO DE CONTROL |
| campo de control |
DO-SdBNP |
| 005 - FECHA Y HORA DE LA ÚLTIMA TRANSACCIÓN |
| campo de control |
20250410114557.0 |
| 007 - CAMPO FIJO DE DESCRIPCIÓN FÍSICA--INFORMACIÓN GENERAL |
| campo de control de longitud fija |
ta |
| 008 - DATOS DE LONGITUD FIJA--INFORMACIÓN GENERAL |
| campo de control de longitud fija |
100201s2005 dr c 001 0 spa d |
| 020 ## - NÚMERO INTERNACIONAL ESTÁNDAR DEL LIBRO |
| ISBN cancelado o inválido |
9993490903 |
| 040 ## - FUENTE DE LA CATALOGACIÓN |
| Centro catalogador/agencia de origen |
DO-SdBNP |
| Lengua de catalogación |
spa |
| Centro/agencia transcriptor |
BNPHU |
| Normas de descripción |
rda |
| 082 #4 - NÚMERO DE LA CLASIFICACIÓN DECIMAL DEWEY |
| Número de clasificación |
972.93054 |
| Número de documento/Ítem |
S471g, 2005 |
| Número de edición |
22 |
| 111 2# - ENTRADA PRINCIPAL--NOMBRE DE CONGRESO/REUNIÓN |
| Nombre de congreso/reunión o jurisdicción como elemento de entrada |
Seminario sobre la Revolución de 1965. |
| Fecha del congreso/reunión |
(22-24 de mayo de 2002 : |
| Sede del congreso/Lugar de la reunión |
Santo Domingo, República Dominicana) |
| 9 (RLIN) |
6986 |
| 245 10 - MENCIÓN DE TÍTULO |
| Título |
Guerra de abril : |
| Resto del título |
inevitabilidad de la historia ; edición, Sócrates Suazo Ruiz ; corrección, José Galván, Alejandro Arvelo |
| 250 ## - MENCIÓN DE EDICIÓN |
| Mención de edición |
segunda edición |
| 264 ## - PRODUCCIÓN, PUBLICACIÓN, DISTRIBUCIÓN, FABRICACIÓN Y COPYRIGHT |
| Producción, publicación, distribución, fabricación y copyright |
Santo Domingo : |
| Nombre del de productor, editor, distribuidor, fabricante |
Editora Comisión Permanente de Efemérides Patrias, |
| Fecha de producción, publicación, distribución, fabricación o copyright |
2005. |
| 300 ## - DESCRIPCIÓN FÍSICA |
| Extensión |
466 páginas : |
| Otras características físicas |
retratos ; |
| Dimensiones |
23 cm. |
| 336 ## - TIPO DE CONTENIDO |
| Término de tipo de contenido |
texto |
| Código de tipo de contenido |
txt |
| Fuente |
rdacontent |
| 337 ## - TIPO DE MEDIO |
| Nombre/término del tipo de medio |
sin mediación |
| Código del tipo de medio |
n |
| Fuente |
rdamedia |
| 338 ## - TIPO DE SOPORTE |
| Nombre/término del tipo de soporte |
volumen |
| Código del tipo de soporte |
nc |
| Fuente |
rdacarrier |
| 505 0# - NOTA DE CONTENIDO CON FORMATO |
| Nota de contenido con formato |
Combate y captura de la Fortaleza Ozama / |
| Mención de responsabilidad |
Robinson Brea Garó -- |
| Título |
Asalto y toma de la Fortaleza Ozama por las fuerzas armadas constitucionales en la Revolución de abril de 1965 / |
| Mención de responsabilidad |
Rafael E. Ubiera Padua -- |
| Título |
Comando de apoyo al Movimento Constitucionalista 24 de abril de 1965 / |
| Mención de responsabilidad |
José Fco. Margarejo de León -- |
| Título |
Combates del 14,15, y 16 de junio en el marco del cerco a los constitucionalistas / |
| Mención de responsabilidad |
Marcelo Abreu -- |
| Título |
Juan Bosch y la Constitución de 1963: Causas que dieron origen a la Guerra de Abril / |
| Mención de responsabilidad |
Ramón Andrés Blanco Fernández -- |
| Título |
Gómez y su dimensión dentro de la Guerra de Abril de 1965 / |
| Mención de responsabilidad |
Rafael (Fafa)Taveras -- |
| Título |
El Doctor Balaguer, el Partido Reformista y su incidencia sobre los acontecimientos de abril de 1965 / |
| Mención de responsabilidad |
R. A. Font Bernard -- |
| Título |
El papel de la mujer combatiente en la Guerra de Abril de 1965 / |
| Mención de responsabilidad |
Teresa Espaillat -- |
| Título |
El papel de la mujer combatiente en la Guerra de Abril de 1965 / |
| Mención de responsabilidad |
Lipe Collado -- |
| Título |
La poesía en la guerra / |
| Mención de responsabilidad |
Mateo Morrison -- |
| Título |
Las izquierdas, el PRD y los militares en la Revolución de abril / |
| Mención de responsabilidad |
Narciso Isa Conde -- |
| Título |
Antecedentes y evolución de la caída del Presidente Juan Bosch / |
| Mención de responsabilidad |
Mario Reid Vittini -- |
| Título |
Constitución, revolución y defensa nacional / |
| Mención de responsabilidad |
Pedro Manuel Casals Victoria -- |
| Título |
El 24 de abril y sus orígenes / |
| Mención de responsabilidad |
Vinicio Castillo R. -- |
| Título |
Evolución de la guerra fratricida a la guerra patria / |
| Mención de responsabilidad |
Rafael Chaljub Mejía -- |
| Título |
El Movimiento Obrero en la Guerra de abril de 1965 / |
| Mención de responsabilidad |
Almanzor González Canahuate -- |
| Título |
Los motivos de la intervención norteamericana de 1965 en R.D. / |
| Mención de responsabilidad |
Ubi Rivas -- |
| Título |
El papel de la Fundación William Jonier Center para el estudio de las guerras y sus consecuencias / |
| Mención de responsabilidad |
Paul L. Atwood -- |
| Título |
La contienda bélica en la República Dominicana vista por un miembro de la FIP / |
| Mención de responsabilidad |
Daniel Idoyaga Mendoza -- |
| Título |
Consideraciones generales sobre el asalto al Hotel Matum en Santiago / |
| Mención de responsabilidad |
Lorenzo Sención Silverio -- |
| Información miscelánea |
Gráficas del Primer Seminario sobre la Guerra de Abril de 1965 -- |
| 505 0# - NOTA DE CONTENIDO CON FORMATO |
| Nota de contenido con formato |
Bibliografía -- |
| Título |
Cronología de la crisis dominicana de 1965/ |
| Mención de responsabilidad |
Hamlet Germán -- |
| Título |
La Guerra de abril: cronología y antecedentes / |
| Mención de responsabilidad |
Víctor Grimaldi -- |
| Información miscelánea |
Índice onomástico. |
| 590 ## - NOTA LOCAL (RLIN) |
| Nota local |
Inventariado, 2019/MFF |
| 651 #4 - PUNTO DE ACCESO ADICIONAL DE MATERIA--NOMBRE GEOGRÁFICO |
| Nombre geográfico |
República Dominicana |
| Subdivisión general |
Historia |
| Subdivisión cronológica |
Revolución, 1965 |
| Subdivisión general |
Congresos, conferencias, etc. |
| 9 (RLIN) |
6987 |
| 700 1# - PUNTO DE ACCESO ADICIONAL--NOMBRE DE PERSONA |
| Nombre de persona |
Suazo Ruiz, Sócrates, |
| Término indicativo de función/relación |
editor |
| Código de función/relación |
ed. |
| 9 (RLIN) |
10239 |
| 700 1# - PUNTO DE ACCESO ADICIONAL--NOMBRE DE PERSONA |
| Nombre de persona |
Arvelo, Alejandro, |
| Término indicativo de función/relación |
corrector |
| Código de función/relación |
corr. |
| 9 (RLIN) |
147 |
| 700 1# - PUNTO DE ACCESO ADICIONAL--NOMBRE DE PERSONA |
| Nombre de persona |
Galván, José, |
| Término indicativo de función/relación |
corrector |
| Código de función/relación |
corr. |
| 9 (RLIN) |
22673 |
| 910 ## - DATOS DE OPCIÓN DEL USUARIO (OCLC) |
| Datos de opción del usuario |
Validado. Control de calidad MMOLINA |
| 942 ## - ELEMENTOS DE PUNTO DE ACCESO ADICIONAL (KOHA) |
| Fuente del sistema de clasificación o colocación |
Dewey Decimal Classification |
| Tipo de ítem Koha |
Libro |